| 000 | 01146nam a2200241Ia 4500 | ||
|---|---|---|---|
| 003 | Ost | ||
| 005 | 20260416102350.0 | ||
| 008 | 260416s9999||||xx |||||||||||||| ||und|| | ||
| 040 | _cfsecg | ||
| 041 | _aara | ||
| 082 | _a658.15 | ||
| 100 |
_aبومدين، يوسف _eمؤلف |
||
| 245 | 0 |
_aالتسيير المالي (الإدارة المالية) : _bحول تحليل الأداءات والتحليل المالي الساكن / _c يوسف بومدين |
|
| 260 |
_aالجزائر _bجامعة الجزائر3: كلية العلوم الإقتصادية، العلوم التجارية وعلوم التسيير _c2013 |
||
| 300 |
_a126 ورقة _bايضاحات _c30 سم |
||
| 504 | _aمراجع ص.126 | ||
| 520 | _aتحليل الاداء، التحليل المالي التقليدي: سيولة-استحقاق | ||
| 653 | _aالأداء المؤسسي | ||
| 653 | _aالادارة المالية | ||
| 653 | _aالمالية العامة | ||
| 710 |
_aجامعة الجزائر3: كلية العلوم الإقتصادية، العلوم التجارية وعلوم التسيير _eناشر علمي |
||
| 942 | _cHANDOUT | ||
| 999 |
_c40964 _d40964 |
||